| 000 | 00419nam a2200157Ia 4500 | ||
|---|---|---|---|
| 008 | 230917s9999||||xx |||||||||||||| ||und|| | ||
| 020 | _cRS15 | ||
| 040 |
_e172903 _aMAIN |
||
| 041 | _aEnglish | ||
| 082 | _a891.433721 GM181V | ||
| 100 | _aगर्ग , मृदुला | ||
| 245 | 0 | _aवंशज | |
| 260 |
_aदिल्ली _bअक्षर प्रकाशन _c1976 |
||
| 300 | _a236 p. | ||
| 942 | _cHN | ||
| 999 |
_c211475 _d211475 |
||